Nenne alle deutschen Fußballstadien - Statistiken

Allgemein
  • Dieses Quiz wurde 126 mal gespielt
  • Das Durchschnittsergebnis liegt bei 24 aus 74
Antwortstatistiken
Hint Antwort % Korrekt
FC Bayern München Allianz Arena
99%
Borussia Dortmund Signal Iduna Park
90%
RB Leipzig Red Bull Arena
87%
Bayer 04 Leverkusen BayArena
85%
Werder Bremen Weserstadion
84%
Hamburger SV Volksparkstadion
76%
Union Berlin Alte Försterei
75%
Borussia Mönchengladbach Borussia Park
75%
Hertha BSC Berlin Olympiastadion
74%
1 FC Köln Rhein Energie Stadion
69%
FC Schalke 04 Veltins Arena
68%
EIntracht Frankfurt Deutsche Bank Park
67%
VFL Wolfsburg Volkswagen Arena
66%
SC Freiburg Europa Park Stadion
59%
FC St. Pauli Millerntor
58%
VFB Stuttgart MHP Arena
57%
1 FC Kaiserslautern Fritz Walter Stadion
51%
1 FC Nürnberg Max Morlock Stadion
51%
1 FSV Mainz 05 Mewa Arena
50%
TSG 1899 Hoffenheim PreZero Arena
50%
Fortuna Düsseldorf Merkur Spiel Arena
48%
FC Augsburg WWK Arena
48%
Alemannia Aachen Tivoli
47%
Hansa Rostock Ostseestadion
44%
VFL Bochum Ruhrstadion
43%
Hannover 96 Heinz von Heiden Arena
40%
Karlsruher SC Wildparkstadion
40%
Holstein Kiel Holstein Stadion
39%
Jahn Regensburg Jahnstadion
36%
FC 08 Homburg Waldstadion
36%
FC Gießen Waldstadion
36%
VFL Osnabrück Bremer Brücke
34%
Eintracht Braunschweig EIntracht Stadion
33%
Energie Cottbus Stadion der Freundschaft
31%
SSV Ulm Donaustadion
30%
Preußen Münster Preußenstadion
30%
Dynamo Dresden Rudolf Harbig Stadion
30%
Borussia Dortmund 2 Stadion Rote Erde
30%
Arminia Bielefeld Schüco Arena
29%
Darmstadt 98 Böllenfalltor
28%
1 FC Saarbrücken Ludwigsparkstadion
25%
1860 München Stadion an der Grünwalder Straße
25%
1 FC Heidenheim Voith Arena
25%
SC Freiburg 2 Dreisamstadion
24%
FC Ingolstadt Audi Sportpark
23%
Rot Weiß Essen Stadion an der Hafenstraße
23%
Spvgg Greuther Fürth Sportpark Ronhof
19%
Erzgebirge Aue Erzgebirgsstadion
18%
Wehen Wiesbaden BRITA Arena
17%
SC Paderborn Home Deluxe Arena
16%
Waldhof Mannheim Carl Benz Stadion
14%
Hoffenheim 2 Dietmar Hopp Stadion
11%
SV Elversberg Ursapharm Arena
10%
Spvgg Unterhaching Uhlsport Park
9%
Viktoria Köln Sportpark Höhenberg
8%
1 FC Magdeburg Avnet Arena
7%
1 FSV Mainz 05 2 Stadion am Bruchweg
7%
Stuttgarter Kickers GAZi Stadion auf der Waldau
6%
Kickers Offenbach Stadion am Bieberer Berg
6%
Hessen Kassel Auestadion
5%
Eintracht Trier Moselstadion
5%
VFB Stuttgart 2 WIRmachenDruck Arena
5%
FSV Frankfurt PSD Bank Arena
4%
FC Astoria Walldorf Dietmar Hopp Sportpark
1%
Hannover 96 2 Eilenriedestadion
1%
FC 08 Villingen MS Technologie Arena
1%
Verl Sportclub Arena
1%
SV Sandhausen Stadion am Hardtwald
1%
Eintracht Frankfurt 2 Ahorn Camp Sportpark
0%
Bahlinger SC Kaiserstuhlstadion
0%
TSV Steinbach Haiger SIBRE Sportzentrum
0%
Göppinger SV Stadion Hohenstaufenstraße
0%
SG Barockstadt Fulda-Lehnerz Stadion im Sportpark Johannisau
0%
SGV Freiberg Wasen Stadion
0%
Keine übereinstimmenden Quizze gefunden
Verteilung der Resultate
Anzahl Personen mit jedem Resultat
Perzentil nach korrekt beantworteten Fragen
Ihre Resultats-Entwicklung
Sie haben dieses Quiz noch nicht gespielt